000 01494namaa2200361 i 4500
003 EG-GICUC
005 20260630131457.0
008 260630s2008 ua ack|jr|||| 000 0 ara d
017 _a2007 / 24705
_bدار الكتب ولوثائق القومية (مصر)
020 _a9772935929
040 _aEG-GiCUC
_bara
_cEG-GiCUC
_dEG-GiCUC
_erda
043 _af-ua---
082 0 4 _221
_a962.02
_bM6189
092 0 4 _221
_a962.02
_bM6189
099 _a962.02 M6189
100 1 _eمؤلف.
245 1 0 _aمائتا عام على الحملة الفرنسية :
_bرؤية مصرية /
_cتحرير د. ناصر أحمد ابراهيم ؛ اشراف أ.د. رءوف عباس
250 _aالطبعة الاولى
264 _aالقاهرة (مصر) :
_bمكتبة الدار العربية للكتاب،
_c2008.
300 _a706 صفحة :
_bإيضاحيات، صور ؛
_c24 سم
336 _2rdacontent
_atext
337 _2rdamedia
_aUnmediated
338 _2rdacarrier
_avolume
500 _aمقدمة الكتاب باللغة العربية والفرنسية
504 _aيشتمل على ارجاعات ببليوجرافية
541 _aد. حسنين ربيع ؛
_bالقاهرة ؛
_cإهداء ؛
_d2024.
650 1 _2qrmak
651 1 _2qrmak
_aمصر
_xتاريخ
_yالحملة الفرنسية
_y1798-1801
700 1 _aابراهيم، ناصر أحمد
_eمحرر.
700 1 _aعباس، رءوف
_eمشرف.
905 _aNermeen
942 _2ddc
_cBK
_e21
_n0
999 _c180661
_d180661